The mystery of the masked eagle

Bibliographic Details
Format: Book
Published: Kuala Lumpur : Penerbitan Fargoes , 2005
Series:Adventurous boys series
Subjects:

MARC

LEADER 00000cam a2200000 7i4500
001 0000002064
005 20170221.0
008 070710
020 |a 9799831283928 
020 |a 9831283929 
090 0 0 |a JF   |b ENG 
245 1 4 |a The mystery of the masked eagle 
260 |a Kuala Lumpur :   |b Penerbitan Fargoes ,   |c 2005 
440 |a Adventurous boys series 
500 |a Children ages 10-12 years old (pink) 
650 0 |a Adventure 
650 0 |a Junior fiction   |x English   |x Languages 
999 |a 0000898663   |b Book   |c Children Collection   |e Cawangan Tmn. Ungku Tun Aminah 
999 |a 0000898664   |b Book   |c Children Collection   |e Cawangan Tmn. Ungku Tun Aminah 
999 |a 0000967016   |b Book   |c Children Collection   |e Cawangan Kota Tinggi 
999 |a 0000967017   |b Book   |c Children Collection   |e Cawangan Bandar Penawar 
999 |a 0000967018   |b Book   |c Children Collection   |e Cawangan Taman Sri Lambak 
999 |a 0000967019   |b Book   |c Children Collection   |e Cawangan Bandar Penawar 
999 |a 0000969378   |b Book   |c Children Collection   |e Cawangan Bandar Penawar 
999 |a 0000969389   |b Book   |c Children Collection   |e Cawangan Tmn. Ungku Tun Aminah 
999 |a 0001163795   |b Book   |c Children Collection   |e Cawangan Bandar Penawar 
999 |a 0001163801   |b Book   |c Children Collection   |e Cawangan Tangkak 
999 |a 0001163802   |b Book   |c Children Collection   |e Cawangan Segamat 
999 |a 0001163803   |b Book   |c Children Collection   |e Cawangan Tmn. Ungku Tun Aminah